[Event "Secondario 15th"]
[Site "Caorle"]
[Date "1990.07.10"]
[Round "4.7"]
[White "Ciani, Mario"]
[Black "Malvinski, Viktor"]
[Result "1/2-1/2"]
[WhiteElo "1900"]
[BlackElo "2000"]
[PlyCount "127"]
[EventDate "1990.07.07"]
[EventType "swiss"]
[EventRounds "8"]
[EventCountry "ITA"]
[SourceTitle "EXT 2023"]
[Source "ChessBase"]
[SourceDate "2022.10.05"]
[SourceVersion "1"]
[SourceVersionDate "2022.10.05"]
[SourceQuality "1"]

1. Nf3 Nf6 2. g3 d5 3. Bg2 e6 4. 0-0 Be7 5. d3 0-0 6. Nbd2 b6 7. e4 dxe4 8. Ng5 Bb7 9. Ngxe4 Nxe4 10. Nxe4 Qc8 11. Bd2 Nd7 12. h4 Nf6 13. Bg5 Nxe4 14. Bxe7 Re8 15. Bb4 c5 16. Ba3 Nd6 17. b3 Bxg2 18. Kxg2 Nb5 19. Bb2 Nd6 20. c3 Qc6+ 21. f3 Nf5 22. Qe1 Rad8 23. Rd1 e5 24. Bc1 Nd6 25. Rf2 Re6 26. Kh2 Rde8 27. Qf1 f5 28. d4 cxd4 29. cxd4 exd4 30. Bb2 Nb5 31. a4 Nc7 32. Rxd4 Nd5 33. Qc4 Qxc4 34. Rxc4 Re2 35. Rc2 Rxf2+ 36. Rxf2 Re3 37. Kg2 Rxb3 38. Re2 Kf7 39. Kf2 Nb4 40. Bd4 Ra3 41. Rd2 Rxa4 42. Bc3 Nc6 43. Rd7+ Ne7 44. Bxg7 Kxg7 45. Rxe7+ Kg6 46. Re6+ Kf7 47. Rh6 Kg7 48. Rd6 b5 49. Rd7+ Kg6 50. Rd6+ Kg7 51. Rd7+ Kf6 52. Rxh7 a5 53. Rb7 Rb4 54. Rb6+ Kg7 55. Rb7+ Kg6 56. Rb6+ Kh7 57. Ke3 a4 58. Ra6 f4+ 59. gxf4 Rb3+ 60. Kf2 a3 61. Kg3 b4 62. f5 Rc3 63. Ra8 Rc6 64. Rb8 1/2-1/2